From concept to form in landscape design / (Record no. 10560)

000 -LEADER
fixed length control field 01009cam a22002654a 4500
003 - CONTROL NUMBER IDENTIFIER
control field OSt
005 - DATE AND TIME OF LATEST TRANSACTION
control field 20220404130323.0
008 - FIXED-LENGTH DATA ELEMENTS--GENERAL INFORMATION
fixed length control field 061211s2007 njua b 001 0 eng
010 ## - LIBRARY OF CONGRESS CONTROL NUMBER
LC control number 2006100395
016 7# - NATIONAL BIBLIOGRAPHIC AGENCY CONTROL NUMBER
Record control number 013740995
Source Uk
020 ## - INTERNATIONAL STANDARD BOOK NUMBER
International Standard Book Number 047011231X (pbk. : alk. paper)
020 ## - INTERNATIONAL STANDARD BOOK NUMBER
International Standard Book Number 9780470112311 (pbk. : alk. paper)
042 ## - AUTHENTICATION CODE
Authentication code pcc
082 00 - DEWEY DECIMAL CLASSIFICATION NUMBER
Classification number 712/.2
Edition number 22
100 1# - MAIN ENTRY--PERSONAL NAME
Personal name Reid, Grant W.
245 10 - TITLE STATEMENT
Title From concept to form in landscape design /
Statement of responsibility, etc Grant W. Reid.
250 ## - EDITION STATEMENT
Edition statement 2nd ed.
260 ## - PUBLICATION, DISTRIBUTION, ETC. (IMPRINT)
Place of publication, distribution, etc Hoboken, N.J. :
Name of publisher, distributor, etc John Wiley & Sons,
Date of publication, distribution, etc c2007.
300 ## - PHYSICAL DESCRIPTION
Extent ix, 180 p. :
Other physical details ill. (some col.) ;
Dimensions 28 cm.
504 ## - BIBLIOGRAPHY, ETC. NOTE
Bibliography, etc Includes bibliographical references (p. 175) and index.
505 0# - FORMATTED CONTENTS NOTE
Formatted contents note The concept -- Geometric form development -- Naturalistic form development -- Principles of design -- Beyond the rules: anomalous and provocative design -- Case studies.
650 #0 - SUBJECT ADDED ENTRY--TOPICAL TERM
Topical term or geographic name as entry element Landscape design.
856 41 - ELECTRONIC LOCATION AND ACCESS
Materials specified Table of contents only
Uniform Resource Identifier <a href="http://www.loc.gov/catdir/toc/ecip076/2006100395.html">http://www.loc.gov/catdir/toc/ecip076/2006100395.html</a>
942 ## - ADDED ENTRY ELEMENTS (KOHA)
Source of classification or shelving scheme
Holdings
Withdrawn status Lost status Source of classification or shelving scheme Damaged status Koha normalized classification for sorting Not for loan Permanent location Current location Date acquired Source of acquisition Cost, normal purchase price Full call number Barcode Date last seen Cost, replacement price Price effective from Koha item type
        712_000000000000000__2   BMS College of Architecture, Design and Planning BMS College of Architecture, Design and Planning 2022-03-30 6 4294.27 712/.2 AR-UG2661 2022-04-04 6134.67 2022-04-04 UG Books
Copyright © 2025, The Librarian, Library and Information Centre, BMSCA D&P, Bengaluru. All Rights Reserved
web counter

Powered by Koha